000 00408nam a2200145 4500
001 127201
003 ES-MaACL
007 t|
008 070214s1910 xxk r ||||1| eng d
100 1 _aRickards, Constantine George.
_996998
245 1 4 _aThe ruins os Mexico /
_cConstantine George Rickards.
260 _aLondon :
_bH. E. Shrimpton,
_c1910.
300 _a1 v. ;
_c34 x 24 cm.
852 _aES-MaACL
_jB-469
999 _c127201
_d127201